Изучение окислительных процессов в растворах: методические указания к выполнению лабораторных работ

Détails bibliographiques
Auteur principal: Шиян Л. Н. Людмила Николаевна
Collectivité auteur: Томский политехнический университет (ТПУ)
Autres auteurs: Сериков Л. В. Леонид Вениаминович
Résumé:Заглавие с титульного экрана
Электронная версия печатной публикации
Режим доступа: из корпоративной сети ТПУ
Langue:russe
Publié: Томск, Изд-во ТПУ, 2008
Sujets:
Accès en ligne:http://www.lib.tpu.ru/fulltext2/m/2010/m263.pdf
Format: Électronique Livre
KOHA link:https://koha.lib.tpu.ru/cgi-bin/koha/opac-detail.pl?biblionumber=188987

MARC

LEADER 00000nlm0a2200000 4500
001 188987
005 20231101224156.0
035 |a (RuTPU)RU\TPU\book\205282 
090 |a 188987 
100 |a 20101216d2008 m y0rusy50 ca 
101 0 |a rus 
102 |a RU 
105 |a a j 001zy 
135 |a drcn ---uucaa 
181 0 |a i  
182 0 |a b 
200 1 |a Изучение окислительных процессов в растворах  |b Электронный ресурс  |e методические указания к выполнению лабораторных работ  |f Л. Н. Шиян, Л. В. Сериков  |g Томский политехнический университет (ТПУ) 
203 |a Текст  |c электронный 
210 |a Томск  |c Изд-во ТПУ  |d 2008 
230 |a 1 компьютерный файл (pdf; 616 KB) 
300 |a Заглавие с титульного экрана 
300 |a Электронная версия печатной публикации 
333 |a Режим доступа: из корпоративной сети ТПУ 
337 |a Adobe Reader 
452 1 |0 (RuTPU)RU\TPU\book\175687  |y 5-98298-318-7  |t Изучение окислительных процессов в растворах  |o методические указания  |f Л. Н. Шиян, Л. В. Сериков  |g Томский политехнический университет (ТПУ)  |c Томск  |n Изд-во ТПУ  |d 2008  |p 12 с.  |a Шиян, Людмила Николаевна 
606 1 |a Вода  |x Очистка  |x Электрохимические методы  |2 stltpush  |3 (RuTPU)RU\TPU\subj\53311  |9 71626 
610 1 |a методические указания 
610 1 |a лабораторные работы 
610 1 |a учебные пособия 
610 1 |a труды учёных ТПУ 
610 1 |a электронный ресурс 
610 1 |a питьевая вода 
610 1 |a получение 
610 1 |a окислительно-восстановительные процессы 
610 1 |a озонирование 
610 1 |a химический анализ 
610 1 |a аэрация 
675 |a 628.16.08(076.5)  |v 3 
700 1 |a Шиян  |b Л. Н.  |c российский ученый, специалист в области водоочистки и водоподготовки  |c доцент Томского политехнического университета, кандидат физико-математических наук  |f 1952-  |g Людмила Николаевна  |2 stltpush  |3 (RuTPU)RU\TPU\pers\25655 
701 1 |a Сериков  |b Л. В.  |c российский химик  |c доцент Томского политехнического университета, кандидат химических наук  |f 1941-2010  |g Леонид Вениаминович  |2 stltpush  |3 (RuTPU)RU\TPU\pers\25624 
712 0 2 |a Томский политехнический университет (ТПУ)  |c (1991-2009)  |2 stltpush  |3 (RuTPU)RU\TPU\col\376 
801 1 |a RU  |b 63413507  |c 20101216 
801 2 |a RU  |b 63413507  |c 20101216  |g RCR 
856 4 |u http://www.lib.tpu.ru/fulltext2/m/2010/m263.pdf 
942 |c CF